Firmen nach Land - Statistiken

Allgemein
  • Dieses Quiz wurde 195 mal gespielt
  • Das Durchschnittsergebnis liegt bei 14 aus 22
Antwortstatistiken
Firma Land % Korrekt
Toyota / Yamaha Japan
99%
Volkswagen / Bayer Deutschland
97%
Walt Disney / Google Vereinigte Staaten
96%
Lego / Novo Nordisk Dänemark
95%
Volvo / Spotify Schweden
92%
Samsung / Hyundai Südkorea
90%
Barclays / Rolls-Royce Vereinigtes Königreich
89%
Armani / Prada Italien
88%
Rolex / Nestlé Schweiz
85%
Michelin / Airbus Frankreich
80%
Nokia / Rovio Finnland
66%
Baidu / Ali Baba China
65%
Billabong / Qantas Australien
49%
Tim Hortons / Lululemon Kanada
47%
ING / ASML Niederlande
40%
Al Jazeera / Ooredoo Katar
36%
Tata / Infosys Indien
32%
Petrobras / Vale Brasilien
26%
Lukoil / Yandex Russland
26%
TSMC / Foxconn Taiwan
25%
Jumex / Telmex Mexiko
23%
AB InBev / Godiva Belgien
20%
Keine übereinstimmenden Quizze gefunden
Verteilung der Resultate
Anzahl Personen mit jedem Resultat
Perzentil nach korrekt beantworteten Fragen
Ihre Resultats-Entwicklung
Sie haben dieses Quiz noch nicht gespielt